| 000 | 01508cab a2200181 4500 | ||
|---|---|---|---|
| 001 | ##L132359 | ||
| 008 | 060131n2006 000 0 eng u | ||
| 035 | _a(Sirsi) u132359 | ||
| 041 | 0 | _aeng | |
| 110 | 1 |
_aEnglish Partnerships _91764 |
|
| 245 | 0 | 0 | _aHospital sites programme |
| 260 |
_aLondon _bEnglish Partnerships _c2006 |
||
| 520 | _aA large portfolio of former NHS hospital sites has been transferred to English Partnerships (EP) in a landmark deal between the DoH and the ODPM. The £320m transaction will provide 96 sites across England on 1 600 ha of land. EP will have a key role in determining the best future use of the sites in line with government sustainable communities policy. EP believes that it can deliver 14 000 new homes nationally, of which up to half will be affordable. The Hospitals Sites Programme (HSP) is expected to generate up to £1bn private sector investment by 2010 and is likely to make a significant contribution to the First-Time Buyers' Initiative. The HSP is also set to deliver up to 80 000 sq m of employment space and see more than 500 ha of brownfield land reclaimed and brought back into productive use. A brochure about the HSP can be downloaded free of charge from the EP website. | ||
| 590 | _aIKA310106 | ||
| 690 | _aPROPERTY-RESIDENTIAL PROPERTY-RESIDENTIAL PROPERTY DEVELOPMENT | ||
| 856 | 4 | 0 |
_uhttps://www.englishpartnerships.co.uk/hospitalsites.htm _zView the HSP announcement and brochure free of charge at www.englishpartnerships.co.uk... |
| 942 | _n0 | ||
| 999 |
_c76412 _d76412 |
||